Únicas : la mujer a la luz de las neurociencias /
Guardado en:
| Autor Principal: | |
|---|---|
| Formato: | Libro |
| Idioma: | Undetermined |
| Publicado: |
Ciudad Autónoma de Buenos Aires :
Granica,
2020.
|
| Edición: | 1a. ed. |
| Materias: | |
| Etiquetas: |
Agregar Etiqueta
Sin Etiquetas, Sea el primero en etiquetar este registro!
|
| LEADER | 00488nam a22001575a 4500 | ||
|---|---|---|---|
| 001 | DER.der015559 | ||
| 008 | 251120s2020####xx############000#0#und#d | ||
| 005 | 20251120193133.0 | ||
| 245 | 1 | 0 | |a Únicas : |b la mujer a la luz de las neurociencias / |c Néstor Braidot. |
| 250 | |a 1a. ed. | ||
| 260 | |a Ciudad Autónoma de Buenos Aires : |b Granica, |c 2020. | ||
| 300 | |a 186 p. | ||
| 020 | |a 9789878358079 | ||
| 100 | 1 | |a Braidot, Néstor. | |
| 650 | 7 | |a NEUROCIENCIAS | |
| 859 | |a DERECHO |b BIB. DERECHO |h 158.1 |i BRA |p 0010746 | ||
